Harper's illustrated biochemistry / (Record no. 30912)

MARC details
000 -LEADER
fixed length control field 01242cam a22003735a 4500
001 - CONTROL NUMBER
control field 016561154
003 - CONTROL NUMBER IDENTIFIER
control field EG-ScBUE
005 - DATE AND TIME OF LATEST TRANSACTION
control field 20250223104314.0
008 - FIXED-LENGTH DATA ELEMENTS--GENERAL INFORMATION
fixed length control field 120405t2023 nyua f 001 0 eng d
020 ## - INTERNATIONAL STANDARD BOOK NUMBER
International Standard Book Number 9781264795673 (pbk.)
020 ## - INTERNATIONAL STANDARD BOOK NUMBER
International Standard Book Number 126479567X (pbk.)
040 ## - CATALOGING SOURCE
Original cataloging agency StDuBDS
Language of cataloging eng
Description conventions rda
Transcribing agency StDuBDS
Modifying agency Uk
-- EG-ScBUE
082 04 - DEWEY DECIMAL CLASSIFICATION NUMBER
Classification number 612.015
Edition number 22
Item number HAR
245 00 - TITLE STATEMENT
Title Harper's illustrated biochemistry /
Remainder of title Peter J. Kennelly, PhD, professor Department of Biochemistry, Virginia Tech, Blachsburg, Virginia [and four others]
246 30 - VARYING FORM OF TITLE
Title proper/short title Illustrated biochemistry
250 ## - EDITION STATEMENT
Edition statement Thirty-sccond edition.
250 ## - EDITION STATEMENT
Edition statement International edition.
264 #1 - PUBLICATION, DISTRIBUTION, ETC. (IMPRINT)
Place of publication, distribution, etc New York :
Name of publisher, distributor, etc McGraw Hill,
Date of publication, distribution, etc [2023]
264 #4 - PUBLICATION, DISTRIBUTION, ETC. (IMPRINT)
Date of publication, distribution, etc c2023
300 ## - PHYSICAL DESCRIPTION
Extent x, 802 pages :
Other physical details color illustrations ;
Dimensions 28 cm.
336 ## - CONTENT TYPE
Source rdacontent
Content type term text
Content type code txt
337 ## - MEDIA TYPE
Source rdamedia
Media type term unmediated
Media type code n
338 ## - CARRIER TYPE
Source rdacarrier
Carrier type term volume
Carrier type code nc
490 0# - SERIES STATEMENT
Series statement A Lange medical book
500 ## - GENERAL NOTE
General note Includes index.<br/>
650 #7 - SUBJECT ADDED ENTRY--TOPICAL TERM
Topical term or geographic name as entry element Biochemistry.
9 (RLIN) 18368
Source of heading or term BUEsh
650 #7 - SUBJECT ADDED ENTRY--TOPICAL TERM
Topical term or geographic name as entry element Clinical biochemistry.
9 (RLIN) 36628
Source of heading or term BUEsh
651 ## - SUBJECT ADDED ENTRY--GEOGRAPHIC NAME
Source of heading or term BUEsh
653 ## - INDEX TERM--UNCONTROLLED
Resource For college Pharmacy
Arrived date list February2025
655 ## - INDEX TERM--GENRE/FORM
Form subdivision Reading book
700 1# - ADDED ENTRY--PERSONAL NAME
Personal name Kennelly, Peter J.,
Relator term author.
9 (RLIN) 36629
942 ## - ADDED ENTRY ELEMENTS (KOHA)
Source of classification or shelving scheme Dewey Decimal Classification
Koha item type Book - Borrowing
Holdings
Withdrawn status Lost status Source of classification or shelving scheme Damaged status Not for loan Collection code Home library Current library Shelving location Date acquired Source of acquisition Cost, normal purchase price Serial Enumeration / chronology Total Checkouts Full call number Barcode Checked out Date last seen Date checked out Cost, replacement price Price effective from Koha item type
    Dewey Decimal Classification     Alahram Central Library Central Library First floor 23/02/2025 Purchase 3299.00 154 1 612.015 HAR 000057275 25/09/2025 26/08/2025 26/08/2025 4124.00 23/02/2025 Book - Borrowing